000 00658nam a22002177a 4500
005 20170124110132.0
010 _aB-031598
020 _c200.00
_a8177330411
035 _aB-031598
037 _bCen Lib/Ret
082 _a657.42
_bAGA
100 _aAgarwal, Rakesh V.
_932371
245 _aSystem approach to cost accounting /
_cby Rakesh V. Agarwal
260 _aNew Delhi
_bBharat law house
_c2000
270 _bNew Delhi
_aT-1/95, Mangolpuri indusrial area
_e110083
300 _a530p.
_c21cm(Hb)
650 _aCost accouting
_932372
650 _aOperation costing
_932373
700 _932363
942 _2ddc
_cEN
_h657.42
_mAGA
999 _c131649
_d131649